| 000 | 01493cam a2200385 4500 | ||
|---|---|---|---|
| 003 | PE-LiUPU | ||
| 005 | 20250731183441.0 | ||
| 020 | _a8482353780 | ||
| 035 | _a(Sirsi) i9788482353784 | ||
| 035 | _a(Sirsi) 50801 | ||
| 035 | _a(Sirsi) 50801 | ||
| 041 | _aes | ||
| 044 | _aes | ||
| 082 | 0 | 4 |
_a725.72 _bR99 |
| 100 | 1 | _aRyder, Bethan | |
| 245 |
_aDiseño de bares y locales nocturnos / _cBethan Ryder. |
||
| 264 | 1 |
_aValencia : _bCISSPRAXIS, _c2001 |
|
| 300 |
_a191 páginas : _bilustraciones ; _c27 cm. |
||
| 500 | _aIncluye relaciones con respecto al índice | ||
| 505 | 0 | _aBares y bares de restaurantes -- Bares de hoteles -- Locales nocturnos. | |
| 526 | _aP158 | ||
| 526 | _aP146 | ||
| 526 | _aP17 | ||
| 526 | _aP12 | ||
| 526 | _aP06 | ||
| 650 | 1 | 4 |
_aBares, cafeterías, etc. _xDiseño |
| 859 |
_q67571 _h725.72 _iR99 |
||
| 910 |
_agl _b _cbd _d20130617 |
||
| 942 |
_2ddc _cBOOK |
||
| 949 |
_a725.72 R99 _i67571 _lCCODEBUL1 _mBUL _tLIBRO _o.STAFF. Colección General |
||
| 596 | _a1 | ||
| 999 |
_a725.72 R99 _wDEWEY _c55198 _i67571 _f2021-11-10 _g7 _lCCODEBUL1 _mBUL _p62.00 _r0 _sY _tBOOK _u2015-7-6 _xINGENIERIA _PP06 _0COMPRA _o.STAFF. Colección Ingenieria y Arquitectura _d55198 |
||
| 999 |
_a725.72 R99 _wDEWEY _c2 _i69710 _f2021-11-10 _g7 _lCCODEBUL1 _mBUL _p61.00 _r0 _sY _tBOOK _u2015-7-6 _xINGENIERIA _PP06 _0COMPRA _o.STAFF. Colección Ingenieria y Arquitectura |
||
| 980 |
_81 _gALBERTO SANCHEZ Responsable de Automatización |
||